Quiz ze słówek angielski - Statystyki

Ogólne statystyki
  • Ten quiz został rozwiązany 100 razy
  • Średni wynik to 9 z 48
Statystyki odpowiedzi
Hint Odpowiedź % Poprawnych
Cena Price
89%
Zamówienie Order
86%
Przyjąć zamówienie Take order
51%
Negocjacje Negotiation
41%
Koszty Costs
34%
Depozyt (zaliczka) Deposit
33%
Rabat Discount
30%
Szczegóły Details
29%
Korzyści Benefits
24%
Kompromis Compromise
24%
Termin Deadline
23%
Ukryte koszty Hidden costs
23%
Widzieć korzyści See benefits
21%
Opłata Fee
20%
Oferować rabat Offer discount
19%
Propozycja Proposal
19%
Sprzedać korzyści Sell benefits
19%
Miesięczna opłata A monthly fee
17%
Otwarty na negocjację Open for negotiation
17%
Wpłacić depozyt Pay deposit
17%
Wyjaśnić korzyści Explain benefits
16%
Złożyć zamówienie Place order
16%
Zapytać o rabat Ask for discount
13%
Wypełnić zamówienie Fill order
13%
Znaleźć kompromis Find compromise
13%
Zaoferować kompromis Offer compromise
13%
Odrzucić propozycję Reject proposal
11%
Cena stanowa State price
11%
Złożyć propozycję Make proposal
10%
Wymagają depozytu Require deposit
10%
Roczna opłata An annual fee
9%
Opłata za wstęp An entrance fee
9%
Koszty dodatkowe Extra costs
9%
W trakcie negocjacji Under negotiation
9%
Obniżyć cenę Bring down price
7%
Przedłużyć termin Extend deadline
7%
Oferta cenowa Quote price
7%
Omówić szczegóły Discuss Details
6%
Nie dotrzymać terminu Miss deadline
6%
Poszukiwanie kompromisu Seek compromise
6%
Podlega negocjacją Subject to negotiation
6%
Wzmocnić propozycję Firm up proposal
4%
Koszty stałe Fixed cost
4%
Przejrzeć szczegóły Go over details
4%
Dotrzymać terminu Meet deadline
4%
Wpłacić depozyt Put down deposit
4%
Przyznać rabat Grant discount
3%
Ustalić szczegóły Sort out details
3%
Nie znaleziono quizów pasujących do podanych kryteriów
Rozkład punktacji
Procent ludzi z każdym wynikiem
Percentyl według liczby udzielonych odpowiedzi
Twoja historia wyników
Nie rozwiązałeś tego quizu